Microsoft macro assembler 6.1 programming

Bibliographic Details
Main Author: Dorfman, Len
Other Authors: Neuberger, Marc J
Format: Book
Published: New York : Windcrest , 1993
Edition:Tab Asian Student Edition
Series:The Len Drofman pratical programming series
Subjects:

MARC

LEADER 00000cam a2200000 7i4500
001 0000007745
002 000008315
005 20000330.0
020 |a 0830640606 
090 0 0 |a 005.265   |b DOR 
100 1 |a Dorfman, Len 
245 1 0 |a Microsoft macro assembler 6.1 programming   |c Len Dorfman and Marc J.Neuberger 
250 |a Tab Asian Student Edition 
260 |a New York :   |b Windcrest ,   |c 1993 
300 |a 259p. ;   |c 23cm. 
490 0 |a The Len Drofman pratical programming series 
650 0 0 |a Microsoft macro assembler 
700 1 |a Neuberger, Marc J 
999 |a 053092   |b BUKU   |c PINJAMAN   |e PERPUSTAKAAN KOMUNITI PETALING JAYA